000 00506nam a2200217Ia 4500
003 OSt
005 20221005120754.0
006 a|||||r|||| 00| 0
007 ta
008 221004b |||||||| |||| 00| 0 eng d
024 _a119266
037 _cTextual
040 _aCRL
_cCRL
_beng
041 _2eng
_aeng
100 _aFreeman Rosemary
_9629623
245 0 _aFaerie Quene
260 _c1970
650 _aGENERAL
_9592526
942 _cTEXL
_2cc
999 _c1039071
_d1039071